MARC

LEADER 00000nam0a2200000 4500
001 33723
005 20231030215917.0
035 |a (RuTPU)RU\TPU\book\34089 
035 |a BOOK00000740 
090 |a 33723 
100 |a 20011210d1973 k y0rusy50 ca 
101 0 |a rus 
102 |a RU 
105 |a a z 000zy 
200 1 |a Стеклянные изоляторы  |f А. И. Цимберов, А. В. Штерн 
210 |a Москва  |c Энергия  |d 1973 
215 |a 200 с.  |c ил. 
610 1 |a высокие напряжения 
610 1 |a техника 
610 1 |a электроизоляторы стеклянные 
610 1 |a технологические процессы 
610 1 |a расчеты 
675 |a 621.315.62  |v 3 
700 1 |a Цимберов  |b А. И.  |g Абрам Иосифович 
701 1 |a Штерн  |b А. В.  |g Аркадий Владимирович 
801 0 |a RU  |b 63413507  |c 20011210  |g PSBO 
801 2 |a RU  |b 63413507  |c 20150707  |g PSBO 
900 |a Техника высоких напряжений 
900 |a Технология и эксплуатация изоляции электроэнергетического оборудования 
942 |c BK